000 00280nam a22001337a 4500
020 _a1-8442-2065-6
082 _a823
_bDIS/F
100 _aDISNEY, WALT
245 _aFINDING NEMO
260 _aLONDON
_bLADY BIRD
300 _a29
650 _aENGLISH SHORT STORY
_zUK
942 _cBK
999 _c3661
_d3661